000 00530nam a2200169Ia 4500
999 _c1291
_d1291
003 OSt
005 20200923124404.0
008 190216s9999||||xx |||||||||||||| ||und||
040 _coclc
082 _a581.2082
_bHOL/P
100 _aHolton, C S
_94868
245 0 _aPlant Pathology Problems and Progress /
_cC S Holton ; G W Fischer ; R W Fulton ; Helen Hart
260 _bCentral Book Depot,
_c1967.
_aAllahabad:
300 _a588p
650 _aBotany
942 _cBK
_2ddc
_h581.2082
_iHOL/P
_k581.2082
_mHOL/P